Statistics for Pokemon Groups of Six

Click here to take the quiz!

General Stats

  • This quiz has been taken 91 times
    (85 since last reset)
  • The average score is 32 of 48

Answer Stats

CategoryAnswer% Correct
Weaknesses a Rock/Ground Pokemon will have (excluding abilities)Grass
95%
Weaknesses a Rock/Ground Pokemon will have (excluding abilities)Water
95%
Weaknesses a Rock/Ground Pokemon will have (excluding abilities)Steel
94%
Pokemon that can evolve using a Water StoneEevee
92%
Weaknesses a Rock/Ground Pokemon will have (excluding abilities)Fighting
92%
Weaknesses a Rock/Ground Pokemon will have (excluding abilities)Ice
92%
Water/Poison PokemonTentacruel
89%
Water/Poison PokemonTentacool
87%
Champion Cynthia's Team (from DPPt)Garchomp
85%
Weaknesses a Rock/Ground Pokemon will have (excluding abilities)Ground
82%
Pokemon beginning with YYveltal
81%
Steel type Pokemon that gained a mega evolutionSteelix
77%
The most common dual typings (e.g. Normal/Ghost)Normal/Flying (26)
76%
Pokemon beginning with YYamask
74%
Pokemon whose Galarian regional form gained a new evolutionYamask → Runerigus
74%
Pokemon whose Galarian regional form gained a new evolutionLinoone → Obstagoon
73%
Steel type Pokemon that gained a mega evolutionLucario
71%
Champion Cynthia's Team (from DPPt)Lucario
71%
The most common dual typings (e.g. Normal/Ghost)Rock/Ground OR Water/Ground (9)
71%
Champion Cynthia's Team (from DPPt)Gastrodon/Togekiss
69%
Pokemon that can evolve using a Water StonePoliwhirl
69%
Water/Poison PokemonQwilfish
69%
Steel type Pokemon that gained a mega evolutionMetagross
68%
Champion Cynthia's Team (from DPPt)Spiritomb
68%
The most common dual typings (e.g. Normal/Ghost)Grass/Poison (14)
66%
Champion Cynthia's Team (from DPPt)Roserade
66%
Pokemon beginning with YYanma
66%
Pokemon beginning with YYanmega
66%
Pokemon whose Galarian regional form gained a new evolutionMr Mime → Mr Rime
65%
Pokemon whose Galarian regional form gained a new evolutionFarfetch'd → Sirfetch'd
63%
Champion Cynthia's Team (from DPPt)Milotic
63%
Pokemon whose Galarian regional form gained a new evolutionMeowth → Perrserker
61%
Water/Poison PokemonToxapex
61%
Water/Poison PokemonMareanie
58%
Steel type Pokemon that gained a mega evolutionAggron
56%
The most common dual typings (e.g. Normal/Ghost)Bug/Flying (14)
52%
The most common dual typings (e.g. Normal/Ghost)Bug/Poison (12)
52%
Pokemon that can evolve using a Water StoneStaryu
52%
Pokemon whose Galarian regional form gained a new evolutionCorsola → Cursola
48%
Steel type Pokemon that gained a mega evolutionMawile
48%
Pokemon beginning with YYungoos
47%
Pokemon that can evolve using a Water StoneLombre
44%
Steel type Pokemon that gained a mega evolutionScizor
44%
Pokemon that can evolve using a Water StoneShellder
42%
Pokemon beginning with YYamper
40%
Water/Poison PokemonSkrelp
32%
Pokemon that can evolve using a Water StonePanpour
27%
The most common dual typings (e.g. Normal/Ghost)Rock/Water (11)
23%

Score Distribution

Percentile by Number Answered

Percent of People with Each Score

Your Score History

You have not taken this quiz since the last reset